01433agaaa2200289 45000010005000000030009000050050017000140070009000310080040000400400023000800410013001031000048001161300032001642450183001962500022003792600116004013000035005175080138005525110090006905200099007805380009008795460013008886500065009017000057009667000060010237000060010830771IT-RoPAU20220918181226.0d cvaizq50131s9999||||xx ||| | || ||und|| aIT-RoPAUcIT-RoPAU aITALIANO aComencini LuigigCodice regista SPICS: 7883 aAVVENTURE DI PINOCCHIO (LE) aAVVENTURE DI PINOCCHIO (LE)cSceneggiatura: Cecchi D'Amico Suso Comencini Luigi -- Diretto da: Comencini LuigipAVVENTURE DI PINOCCHIO (LE) (Rif. Codice opera principale : V0771) aEdizione Standard a(ITALIA)bSAMPAOLO FILM - CINEPAT / Distribuzione: SPF FIRENZEg"1971 (1° ed.: 1993 ; Ed. Lingua Orig.: 1971)" a16MMbsonoro, col.c134 minuti a"Fotografia: Mannuzzi Armando; Montaggio: Baragli Nino; Musica: Carpi Fiorenzo; Sceneggiatura: Cecchi D'Amico Suso Comencini Luigi; " a"Manfredi Nino; Balestri Andrea; Franchi Franco; Ingrassia Ciccio; Lollobrigida Gina" aFILM TRATTO DAL RACCONTO DI CARLO COLLODI: PINOCCHIO. FILM A COLORI. PELLICOLA IN BUONO STATO. aMONO aITALIANO aFAVOLAePELLICOLE CINEMA [16 MM]xCodice MATERIA SPICS: 9955 aCarpi Fiorenzoe(musica)gCodice Musica SPICS: 13640 aCollodi Carlo e(soggetto)gCodice Soggetto SPICS: 7904 aComencini Luigi e(regista)gCodice regista SPICS: 7883